| 000 -LEADER |
| fixed length control field |
01317pam a22003971i 4500 |
| 001 - CONTROL NUMBER |
| control field |
018646926 |
| 003 - CONTROL NUMBER IDENTIFIER |
| control field |
Uk |
| 005 - DATE AND TIME OF LATEST TRANSACTION |
| control field |
20230809151233.0 |
| 006 - FIXED-LENGTH DATA ELEMENTS--ADDITIONAL MATERIAL CHARACTERISTICS |
| fixed length control field |
m || d | |
| 007 - PHYSICAL DESCRIPTION FIXED FIELD--GENERAL INFORMATION |
| fixed length control field |
cr ||||||||||| |
| 008 - FIXED-LENGTH DATA ELEMENTS--GENERAL INFORMATION |
| fixed length control field |
171006s2018 enkab o 000|0|eng|d |
| 015 ## - NATIONAL BIBLIOGRAPHY NUMBER |
| National bibliography number |
GBB7O2727 |
| Source |
bnb |
| 020 ## - INTERNATIONAL STANDARD BOOK NUMBER |
| International Standard Book Number |
9781510418387 (pbk.) |
| 037 ## - SOURCE OF ACQUISITION |
| Stock number |
HachetteUK606045 |
| Source of stock number/acquisition |
Ingram Content Group |
| 040 ## - CATALOGING SOURCE |
| Original cataloging agency |
StDuBDS |
| Language of cataloging |
eng |
| Transcribing agency |
StDuBDS |
| Modifying agency |
Uk |
| Description conventions |
rda |
| -- |
pn |
| 042 ## - AUTHENTICATION CODE |
| Authentication code |
ukblsr |
| 082 04 - DEWEY DECIMAL CLASSIFICATION NUMBER |
| Classification number |
910 NAG |
| 100 1# - MAIN ENTRY--PERSONAL NAME |
| Personal name |
Nagle, Garrett, |
| Relator term |
author. |
| 245 10 - TITLE STATEMENT |
| Title |
Cambridge international AS and A level geography. |
| Name of part/section of a work |
Revision guide / |
| Statement of responsibility, etc. |
Garrett Nagle & Paul Guinness. |
| 250 ## - EDITION STATEMENT |
| Edition statement |
Second edition. |
| 264 #1 - PRODUCTION, PUBLICATION, DISTRIBUTION, MANUFACTURE, AND COPYRIGHT NOTICE |
| Place of production, publication, distribution, manufacture |
London : |
| Name of producer, publisher, distributor, manufacturer |
Hodder Education, |
| Date of production, publication, distribution, manufacture, or copyright notice |
2018. |
| 300 ## - PHYSICAL DESCRIPTION |
| Extent |
208 pages: |
| Other physical details |
illustrations (black and white), maps (black and white); |
| Dimensions |
8.19 x 0.71 x 11.65 inches. |
| 336 ## - CONTENT TYPE |
| Content type term |
text |
| Source |
rdacontent |
| 336 ## - CONTENT TYPE |
| Content type term |
still image |
| Source |
rdacontent |
| 336 ## - CONTENT TYPE |
| Content type term |
cartographic image |
| Source |
rdacontent |
| 337 ## - MEDIA TYPE |
| Media type term |
computer |
| Source |
rdamedia |
| 500 ## - GENERAL NOTE |
| General note |
Previous edition: 2013. |
| 521 2# - TARGET AUDIENCE NOTE |
| Target audience note |
AS. |
| 521 2# - TARGET AUDIENCE NOTE |
| Target audience note |
A-level. |
| 588 ## - SOURCE OF DESCRIPTION NOTE |
| Source of description note |
Description based on CIP data; resource not viewed. |
| 650 #0 - SUBJECT ADDED ENTRY--TOPICAL TERM |
| Topical term or geographic name entry element |
Geography |
| General subdivision |
Examinations |
| Form subdivision |
Study guides. |
| 700 1# - ADDED ENTRY--PERSONAL NAME |
| Personal name |
Guinness, Paul, |
| Dates associated with a name |
1951- |
| Relator term |
author. |
| 776 08 - ADDITIONAL PHYSICAL FORM ENTRY |
| Relationship information |
Print version : |
| International Standard Book Number |
9781510418387 |
| 903 ## - LOCAL DATA ELEMENT C, LDC (RLIN) |
| a |
ELD.DS.275722 |
| 942 ## - ADDED ENTRY ELEMENTS (KOHA) |
| Source of classification or shelving scheme |
|
| Koha item type |
Teaching Resources |